000
00277nam a2200097Ia 4500
001
716185
005
20250826162939.0
008
250824s9999 xx 000 0 und d
245
0
_a
HAYAT ZOR AMA BEN DE KOLAY BİRİ SAYILMAM
_c
SEÇİL ÇÖMLEKÇİ
260
_b
CARPE DİEM YAYINLARI
999
_c
716185
_d
716185